Jammu & Kashmir: (Record no. 194499)
[ view plain ]
| 000 -LEADER | |
|---|---|
| fixed length control field | 00842nam a22002057a 4500 |
| 005 - DATE AND TIME OF LATEST TRANSACTION | |
| control field | 20230328105405.0 |
| 010 ## - LCCN (DPL NO) | |
| LC control number | B-748066-071 E.N.A./7.11.22 |
| 020 ## - INTERNATIONAL STANDARD BOOK NUMBER | |
| International Standard Book Number | 9780192849656 |
| Terms of availability | 1295.00 |
| 035 ## - SYSTEM CONTROL NUMBER | |
| System control number | B-748066-071 |
| 037 ## - SOURCE OF ACQUISITION | |
| Source of stock number/acquisition | Uppal |
| 082 ## - DEWEY DECIMAL CLASSIFICATION NUMBER | |
| Classification number | 331.13795463 |
| 100 ## - MAIN ENTRY--PERSONAL NAME | |
| Personal name | Bilal Ahmad Khan |
| 245 ## - TITLE STATEMENT | |
| Title | Jammu & Kashmir: |
| Remainder of title | Levels, Issues, and Prospects of Employment Generation/ |
| Statement of responsibility, etc | Bilal Ahmad Khan |
| 260 ## - PUBLICATION, DISTRIBUTION, ETC. (IMPRINT) | |
| Place of publication, distribution, etc | U.K. |
| Name of publisher, distributor, etc | Oxford University Press |
| Date of publication, distribution, etc | 2022 |
| 270 ## - ADDRESS | |
| Address | Great Clarendon Street, Oxford, |
| City | U.K. |
| Postal code | OX2 6DP |
| 300 ## - PHYSICAL DESCRIPTION | |
| Extent | 263p. |
| Dimensions | 22cm(hbk) |
| 500 ## - GENERAL NOTE | |
| General note | include bibliography |
| 942 ## - ADDED ENTRY ELEMENTS (KOHA) | |
| Source of classification or shelving scheme | Dewey Decimal Classification |
| Item type | English Books |
| Call number suffix | BIL |
| Classification part | 331.13795463 |
| Withdrawn status | Lost status | Not for loan | Collection code | Home library | Current library | Date acquired | Source of acquisition | Cost, normal purchase price | Full call number | Barcode | Copy number | Cost, replacement price | Koha item type |
|---|---|---|---|---|---|---|---|---|---|---|---|---|---|
| Non-fiction | Ashok Vihar | Ashok Vihar | 28/03/2023 | Uppal Book Store/19311/30.11.22/220/23.11.22/26.12.22 | 1295.00 | 331.13795463 BIL | B-748067 | 1 | 1295.00 | English Books | |||
| Non-fiction | Central Library | Central Library | 28/03/2023 | Uppal Book Store/19311/30.11.22/220/23.11.22/26.12.22 | 1295.00 | 331.13795463 BIL | B-748066 | 1 | 1295.00 | English Books | |||
| Non-fiction | Patel Nagar | Patel Nagar | 28/03/2023 | Uppal Book Store/19311/30.11.22/220/23.11.22/26.12.22 | 1295.00 | 331.13795463 BIL | B-748068 | 1 | 1295.00 | English Books | |||
| Non-fiction | Sarojini Nagar | Sarojini Nagar | 28/03/2023 | Uppal Book Store/19311/30.11.22/220/23.11.22/26.12.22 | 1295.00 | 331.13795463 BIL | B-748069 | 1 | 1295.00 | English Books | |||
| Non-fiction | Shahdara Branch | Shahdara Branch | 28/03/2023 | Uppal Book Store/19311/30.11.22/220/23.11.22/26.12.22 | 1295.00 | 331.13795463 BIL | B-748071 | 1 | 1295.00 | English Books | |||
| Non-fiction | Vinoba Puri | Vinoba Puri | 28/03/2023 | Uppal Book Store/19311/30.11.22/220/23.11.22/26.12.22 | 1295.00 | 331.13795463 BIL | B-748070 | 1 | 1295.00 | English Books |
